<?xml version="1.0" encoding="UTF-8"?>
<record
    xmlns:xsi="http://www.w3.org/2001/XMLSchema-instance"
    xsi:schemaLocation="http://www.loc.gov/MARC21/slim http://www.loc.gov/standards/marcxml/schema/MARC21slim.xsd"
    xmlns="http://www.loc.gov/MARC21/slim">

  <leader>03136cam a2200373 a 4500</leader>
  <controlfield tag="001">10027159</controlfield>
  <controlfield tag="003">CaAEU</controlfield>
  <controlfield tag="005">20260512145834.0</controlfield>
  <controlfield tag="006">m     o  d        </controlfield>
  <controlfield tag="007">cr cnu---unuuu</controlfield>
  <controlfield tag="008">130610s2001    enka    ob    001 0 eng d</controlfield>
  <datafield tag="015" ind1=" " ind2=" ">
    <subfield code="a">GBA1Z7428</subfield>
    <subfield code="2">bnb</subfield>
  </datafield>
  <datafield tag="020" ind1=" " ind2=" ">
    <subfield code="a">9780761963660</subfield>
  </datafield>
  <datafield tag="035" ind1=" " ind2=" ">
    <subfield code="a">ocn847527103</subfield>
  </datafield>
  <datafield tag="037" ind1=" " ind2=" ">
    <subfield code="a">9781446205358</subfield>
    <subfield code="b">Ingram Content Group</subfield>
  </datafield>
  <datafield tag="039" ind1=" " ind2=" ">
    <subfield code="a">exclude</subfield>
  </datafield>
  <datafield tag="040" ind1=" " ind2=" ">
    <subfield code="a">N$T</subfield>
    <subfield code="b">eng</subfield>
    <subfield code="e">pn</subfield>
    <subfield code="c">N$T</subfield>
    <subfield code="d">E7B</subfield>
    <subfield code="d">SFB</subfield>
    <subfield code="d">OCLCO</subfield>
    <subfield code="d">UIU</subfield>
    <subfield code="d">IDEBK</subfield>
    <subfield code="d">OCLCF</subfield>
    <subfield code="d">OCLCQ</subfield>
    <subfield code="d">COO</subfield>
    <subfield code="d">YDXCP</subfield>
    <subfield code="d">EBLCP</subfield>
    <subfield code="d">IXA</subfield>
    <subfield code="d">OCLCQ</subfield>
    <subfield code="d">AZK</subfield>
    <subfield code="d">AGLDB</subfield>
    <subfield code="d">OCLCQ</subfield>
    <subfield code="d">COCUF</subfield>
    <subfield code="d">CNNOR</subfield>
    <subfield code="d">OCLCQ</subfield>
    <subfield code="d">Z5A</subfield>
    <subfield code="d">MOR</subfield>
    <subfield code="d">CCO</subfield>
    <subfield code="d">PIFAG</subfield>
    <subfield code="d">ZCU</subfield>
    <subfield code="d">VT2</subfield>
    <subfield code="d">MERUC</subfield>
    <subfield code="d">OCLCQ</subfield>
    <subfield code="d">MERER</subfield>
    <subfield code="d">OCLCQ</subfield>
    <subfield code="d">OCLCO</subfield>
    <subfield code="d">OCLCQ</subfield>
    <subfield code="d">RRP</subfield>
    <subfield code="d">SGPBL</subfield>
    <subfield code="d">U3W</subfield>
    <subfield code="d">NLE</subfield>
    <subfield code="d">OCLCO</subfield>
    <subfield code="d">STF</subfield>
    <subfield code="d">WRM</subfield>
    <subfield code="d">NRAMU</subfield>
    <subfield code="d">ICG</subfield>
    <subfield code="d">INT</subfield>
    <subfield code="d">OTZ</subfield>
    <subfield code="d">CEF</subfield>
    <subfield code="d">AU@</subfield>
    <subfield code="d">OCLCO</subfield>
    <subfield code="d">OCLCQ</subfield>
    <subfield code="d">UKMGB</subfield>
    <subfield code="d">OCLCO</subfield>
    <subfield code="d">OCLCQ</subfield>
    <subfield code="d">WYU</subfield>
    <subfield code="d">LVT</subfield>
    <subfield code="d">YOU</subfield>
    <subfield code="d">A6Q</subfield>
    <subfield code="d">DKC</subfield>
    <subfield code="d">OCLCQ</subfield>
    <subfield code="d">UKAHL</subfield>
    <subfield code="d">OL$</subfield>
    <subfield code="d">OCLCA</subfield>
    <subfield code="d">TKN</subfield>
    <subfield code="d">OCLCQ</subfield>
    <subfield code="d">UKCRE</subfield>
    <subfield code="d">AGL</subfield>
    <subfield code="d">BOL</subfield>
    <subfield code="d">LDP</subfield>
    <subfield code="d">ELBRO</subfield>
    <subfield code="d">NLW</subfield>
    <subfield code="d">OCLCQ</subfield>
    <subfield code="d">OCLCO</subfield>
    <subfield code="d">AAA</subfield>
    <subfield code="d">OCLCO</subfield>
    <subfield code="d">AEU</subfield>
  </datafield>
  <datafield tag="041" ind1=" " ind2=" ">
    <subfield code="a">English</subfield>
  </datafield>
  <datafield tag="050" ind1=" " ind2="4">
    <subfield code="a">HF5415.2</subfield>
    <subfield code="b">.Q328 2001eb</subfield>
  </datafield>
  <datafield tag="245" ind1="0" ind2="0">
    <subfield code="a">Qualitative marketing research </subfield>
    <subfield code="c">/ David Carson, Audrey Gilmore, Chad Perry &amp; Kjell Gronhaug.</subfield>
  </datafield>
  <datafield tag="260" ind1=" " ind2=" ">
    <subfield code="a">London ;</subfield>
    <subfield code="a">Thousand Oaks, Calif. :</subfield>
    <subfield code="b">SAGE,</subfield>
    <subfield code="c">2001.</subfield>
  </datafield>
  <datafield tag="300" ind1=" " ind2=" ">
    <subfield code="a">xii, 239 pages :</subfield>
    <subfield code="b">illustrations</subfield>
  </datafield>
  <datafield tag="504" ind1=" " ind2=" ">
    <subfield code="a">Includes bibliographical references and index.</subfield>
  </datafield>
  <datafield tag="505" ind1=" " ind2=" ">
    <subfield code="a">Part I. SOCIAL SCIENCE RESEARCH AND MARKETING
&#x2014; Philosophy of Research
&#x2014; Scope of Research in Marketing
&#x2014; Design of a Research Problem
&#x2014; Academic, Business and Practitioner Research

Part II. QUALITATIVE RESEARCH METHODOLOGIES
&#x2014; Justification of a Qualitative Research Methodology
&#x2014; In-depth Interviewing
&#x2014; Case-based Research
&#x2014; Focus Group Interviewing
&#x2014; Observation Studies
&#x2014; Ethnography and Grounded Theory
&#x2014; Action Research and Action Learning

Part III. APPLICATIONS AND OUTCOMES OF QUALITATIVE RESEARCH
&#x2014; Organizing, Processing and Visualizing Data
&#x2014; Writing Qualitative Research Reports
&#x2014; Integrative Multiple Mixes of Methodologies
&#x2014; Qualitative Research: Future Evolution.</subfield>
  </datafield>
  <datafield tag="520" ind1="8" ind2=" ">
    <subfield code="a">As the importance of marketing to business grows, and as new concepts and applications of marketing emerge and evolve, so too does the need for up-to-date market intelligence. This book recognizes that the contribution which qualitative research can make to market understanding and insight is immense, and that statistical information flows are never enough but need to be compounded by market intelligence gained through qualitative methods. Qualitative Marketing Research clearly explains the use and importance of qualitative methods, clarifying the theories behind the methodology and providing concrete examples and exercises which illustrate its application to Management Studies and Marketing. This book is intended for all students of marketing who are required to complete their studies with a dissertation or research project.</subfield>
  </datafield>
  <datafield tag="588" ind1="0" ind2=" ">
    <subfield code="a">Print version record.</subfield>
  </datafield>
  <datafield tag="650" ind1=" " ind2="0">
    <subfield code="a">Qualitative research</subfield>
    <subfield code="9">5949</subfield>
  </datafield>
  <datafield tag="650" ind1=" " ind2="0">
    <subfield code="a">Marketing research</subfield>
    <subfield code="9">1465</subfield>
  </datafield>
  <datafield tag="700" ind1=" " ind2=" ">
    <subfield code="a">Carson, David,</subfield>
    <subfield code="d">1947-</subfield>
    <subfield code="e">author.</subfield>
  </datafield>
  <datafield tag="700" ind1=" " ind2=" ">
    <subfield code="a">Gilmore, Audrey,</subfield>
    <subfield code="e">author.</subfield>
    <subfield code="9">25933</subfield>
  </datafield>
  <datafield tag="700" ind1=" " ind2=" ">
    <subfield code="a">Perry, Chad,</subfield>
    <subfield code="e">author.</subfield>
    <subfield code="9">25934</subfield>
  </datafield>
  <datafield tag="700" ind1=" " ind2=" ">
    <subfield code="a">Gr&#xF8;nhaug, Kjell,</subfield>
    <subfield code="e">author.</subfield>
    <subfield code="9">25935</subfield>
  </datafield>
  <datafield tag="942" ind1=" " ind2=" ">
    <subfield code="2">lcc</subfield>
  </datafield>
  <datafield tag="952" ind1=" " ind2=" ">
    <subfield code="0">0</subfield>
    <subfield code="1">0</subfield>
    <subfield code="2">lcc</subfield>
    <subfield code="4">0</subfield>
    <subfield code="7">0</subfield>
    <subfield code="a">TBS</subfield>
    <subfield code="b">TBS</subfield>
    <subfield code="d">2025-09-19</subfield>
    <subfield code="l">0</subfield>
    <subfield code="o">HF5415.2 CAR</subfield>
    <subfield code="p">B05636</subfield>
    <subfield code="r">2025-09-19</subfield>
    <subfield code="t">1</subfield>
    <subfield code="w">2025-09-19</subfield>
    <subfield code="y">1</subfield>
  </datafield>
  <datafield tag="952" ind1=" " ind2=" ">
    <subfield code="0">0</subfield>
    <subfield code="1">0</subfield>
    <subfield code="2">lcc</subfield>
    <subfield code="4">0</subfield>
    <subfield code="7">0</subfield>
    <subfield code="a">TBS</subfield>
    <subfield code="b">TBS</subfield>
    <subfield code="d">2026-01-09</subfield>
    <subfield code="l">0</subfield>
    <subfield code="o">HF5415.2 CAR</subfield>
    <subfield code="p">B05604</subfield>
    <subfield code="r">2026-01-09</subfield>
    <subfield code="t">2</subfield>
    <subfield code="w">2026-01-09</subfield>
    <subfield code="y">1</subfield>
  </datafield>
  <datafield tag="999" ind1=" " ind2=" ">
    <subfield code="c">4971</subfield>
    <subfield code="d">4971</subfield>
  </datafield>
</record>
